El autobús mágico / (Registro nro. 11832)

Detalles MARC
000 -LIDER
fixed length control field 00713nam a22002297a 4500
001 - NÚMERO DE CONTROL
Identificador de número de control 0011741
003 - IDENTIFICACDOR DE NÚMERO DE CONTROL
control field DO-SdBNP
005 - DATE AND TIME OF LATEST TRANSACTION
control field 20180212134244.0
007 - CAMPOS FIJOS DE DESCRIPCIÓN FÍSICA
fixed length control field 0011741
008 - ELEMENTOS DE LONGITUD FIJA
fixed length control field 161108b 1995 xxu||||| |||| 00| 0 spa d
020 ## - ISBN
International Standard Book Number 9780590622363
040 ## - FUENTE DE CATALOGACIÓN
Agencia que crea de manera original el registro BPMSU
Idioma de catalogación spa
Agencia que realiza la transcripción BPMSU
082 ## - NÚMERO DE CLASIFICACIÓN DECIMAL DE DEWEY
Classification number xxxxxxxx
Item number xxxxxxxx
245 03 - MENCIÓN DE TITULO
Título El autobús mágico /
Mención de responsabilidad traducción Susana Pasternac ; ilustraciones Carolyn Bracken
500 ## - NOTA GENERAL
Nota general Conoce al escuadrón de la desintegración. Un libro sobre la descomposición
700 ## - ASIENTO SECUNDARIO -- NOMBRE PERSONAL
Nombre personal Degen, Bruce
700 ## - ASIENTO SECUNDARIO -- NOMBRE PERSONAL
Nombre personal Pasternac, Susana,
Mención de responsabilidad tr.
700 ## - ASIENTO SECUNDARIO -- NOMBRE PERSONAL
Nombre personal Bracken, Carolyn,
Mención de responsabilidad il.
942 ## - ADDED ENTRY ELEMENTS (KOHA)
Source of classification or shelving scheme Dewey Decimal Classification
Koha item type Libros
945 ## - INFORMACIÓN DE PROCESAMIENTO LOCAL
Información de procesamiento local inventariado, 2018 7 dg
956 ## - LOCAL ELECTRONIC LOCATION AND ACCESS (OCLC)
Nombre de host BTAVÁREZ
Número de acceso 10
Información de compresión 20161108
Trayectoria 0011741
Existencias
Withdrawn status Lost status Source of classification or shelving scheme Damaged status Not for loan Collection code Home library Current library Date acquired Total Checkouts Full call number Barcode Date last seen Price effective from Koha item type
    Dewey Decimal Classification     Colección Infantil General Biblioteca Pública Metropolitana Salomé Ureña Biblioteca Pública Metropolitana Salomé Ureña 11/08/2016   xxxxxxxx xxxxxxxx BPMSU16110159 11/08/2016 11/08/2016 Libros